00261nam a2200097Ia 4500008004100000082001800041100001000059245004400069260004000113300001000153210430s9999 xx 000 0 und d a954.904 Q12 Q aD G F aQuaid-E-Azam Mohammad Ali JinnahcD G F aIslamabadbKhursheed Printersc1993 a264 P